00250nam a2200097Ia 4500008004100000100000900041245004900050260002900099942000700128999001700135190216s9999||||xx |||||||||||||| ||und|| aNull 0aHindi-Karuna Aur Darm Ke Dami Mahakavi Amish bMac Millian And Com. Ltd cBK c17692d17692